| 000 | 00813nam a2200241Ii 4500 | ||
|---|---|---|---|
| 003 | JO-AjNU | ||
| 008 | 230605s9999||||xx |||||||||||||| ||und|| | ||
| 017 | _a2000/8597 | ||
| 020 | _a977-270-607-5 | ||
| 040 |
_aJO-AjNU _bara _erda _cJO-AjNU |
||
| 041 | _aara | ||
| 050 | 1 | 4 | _aD412.F8282 2004 |
| 100 | 3 |
_aشاكر، فؤاد, _eauthor _939493 |
|
| 245 | 0 | 0 | _aرجال صاغو القرن العشرين، الجزء الرابع |
| 250 | _aط2 | ||
| 264 | 3 | 1 | _aالقاهرة: الدار المصرية اللبنانية |
| 300 | _aج4، 339ص | ||
| 336 |
_atext _btxt _2rdacontent |
||
| 337 |
_aunmediated _bn _2rdamedia |
||
| 338 |
_avolume _bnc _2rdacarrier |
||
| 490 | 0 | _aحصاد القران العشرين | |
| 650 | 4 |
_aالتراجم- قرن 20 /التاريخ - تراجم القرن 20 _939494 |
|
| 999 |
_aA16684 _c20252 _d20252 |
||